Statistiques concernant Pokémon de type Spectre - Gen 1 à 9

Cliquez ici pour prendre le quiz!

Statistiques générales

  • Ce quiz a été pris 1 515 fois
    (155 depuis la dernière actualisation)
  • Le résultat moyen est 57 sur 75

Statistiques - réponses

Pokémon% Correct
Ectoplasma / Méga-Ectoplasma
99%
Fantominus
99%
Spectrum
99%
Feuforêve
98%
Magirêve
98%
Téraclope
96%
Skelénox
95%
Arceus (Plaque Fantôme)
94%
Noctunoir
94%
Branette / Méga-Branette
92%
Lugulabre
90%
Funécire
89%
Giratina
89%
Mimiqui
89%
Momartik
89%
Grodrive
88%
Polichombr
88%
Tutafeh / Tutafeh de Galar
88%
Baudrive
87%
Brocélôme
87%
Désséliande
87%
Mélancolux
87%
Pitrouille
87%
Tutankafer
87%
Banshitrouye
86%
Motisma (forme standard)
86%
Silvallié (ROM Spectre)
85%
Spiritomb
85%
Ténéfix / Méga-Ténéfix
82%
Dimoclès
80%
Exagide
80%
Golemastoc
80%
Gringolem
80%
Marshadow
80%
Monorpale
79%
Moyade
79%
Tutétékri
77%
Viskuse
77%
Lunala
76%
Zoroark de Hisui
76%
Zorua de Hisui
76%
Archéduc
74%
Lanssorien
73%
Sinistrail
71%
Tomberro
71%
Corayôme
70%
Fantyrm
70%
Paragruel
70%
Toutombe
70%
Dispareptil
69%
Spectreval
69%
Hoopa (Enchaîné)
68%
Munja
68%
Corayon de Galar
67%
Necrozma (Ailes de l'Aurore)
67%
Théffroi
67%
Flotte-Mèche
65%
Ossatueur d'Alola
65%
Polthégeist
65%
Sylveroy (Cavalier d'Effroi)
65%
Trépassable
65%
Bacabouh
63%
Malvalame
63%
Plumeline (Style Buyō)
63%
Pierroteknik
62%
Typhlosion de Hisui
62%
Théffroyable
61%
Flâmigator
57%
Pêchaminus
57%
Poltchageist
57%
Gromago
54%
Courrousinge
52%
Mordudor
52%
Virovent
51%
Virevorreur
50%

Distribution des résultats

Percentile par nombre de réponses

% des personnes avec chaque résultat

Votre développement - résultats

Vous n’avez pas pris ce quiz depuis la dernière actualisation